Goldorak - Le prince de l'espace - Statistiques

Statistiques générales
  • Ce quiz a été pris 73 fois
  • Le résultat moyen est 58 sur 116
Statistiques - réponses
Réponse % Correct
à
88%
la
84%
le
73%
Go
69%
Goldorak
69%
de
67%
les
67%
te
61%
Tu
61%
tu
61%
prince
57%
Actarus
55%
des
55%
l'espace
55%
es
53%
Terre
53%
ton
53%
dans
51%
rétro-laser
49%
Véga
47%
champion
45%
menaces
45%
moques
45%
Quand
45%
quand
45%
robot
45%
avec
43%
jamais
43%
n'as
43%
peur
43%
rien
43%
tes
43%
Toi
43%
toi
43%
attaque
41%
lances
41%
l'armée
41%
oiseaux
41%
et
39%
Fulguro-poings
39%
Pour
39%
pour
39%
enfants
37%
l'amour
37%
méchants
37%
plus
37%
fleurs
35%
fort
35%
géants
35%
mort
35%
que
35%
anges
33%
chevalier
33%
seras
33%
vainqueur
33%
liberté
29%
dis
22%
Métamorphose
20%
Corno-fulgure
18%
rose
18%
vérité
18%
coups
16%
l'aventure
16%
rapaces
16%
vilains
10%
décoles
6%
détruis
6%
Aucun quiz correspondant
Distribution des résultats
% des personnes avec chaque résultat
Percentile par nombre de réponses
Votre historique - résultats
Vous n’avez pas pris ce quiz